000 00659nam a2200217Ia 4500
003 OSt
005 20240814111615.0
008 210716s1962 xx 000 0 und d
040 _cAIMIT LIBRARY
041 _aeng
082 _a374.22
_21
_bTUCB
100 _aTuchman, Barbara W.
_9177257
245 _aProud tower :
_bportrait of the world before the war /
_hBy Barbara W Tuchman.
250 _a1st ed.
260 _aNew York :
_bMacmillan ,
_c1962.
300 _axiii,528p. ;
_bHB
_c25 cm
650 _aThe idea and the deed
_9177258
650 _aThe steady drummer
_9177259
650 _aTransfer of power
_9177260
942 _2ddc
_cBK
_e1st
_k374.22TUCB
999 _c201053
_d201053